000 00808nam a2200277 i 4500
001 000049167
003 DO-SdBNP
005 20240411202004.0
007 ta
008 190724s1992 dr 000 0 spa d
040 _aDO-SdBNP
_bspa
_cBNPHU
_erda
082 _bA683q
_222
100 _aAretz, Isabel.
_d1909-2005
_eautor
_928714
245 0 0 _aQué es el folklore /
_cIsabel Aretz
250 _a2a.edición
264 _aSanto Domingo :
_bFotomecánica Cipriano,,
_c1992
300 _a66 paginas ;
_c22 cm.
336 _2rdacontent
_atexto
_btxt
337 _2rdamedia
_asin mediación
_bn
338 _2rdacarrier
_avolumen
_bnc
590 _aInventariado, 2023/DG
650 0 _aDerechos humanos
_9658
650 4 _aDerechos humanos (Derecho internacional)
_950376
910 _aDG
942 _2ddc
_cLBS1
999 _c54301
_d54301